MARC

LEADER 00000nam0a2200000 4500
001 60578
005 20240205153739.0
035 |a (RuTPU)RU\TPU\book\64063 
090 |a 60578 
100 |a 20040212d2002 m y0rusy50 ca 
101 0 |a rus 
102 |a RU 
105 |a a j 001zy 
200 1 |a Грунтоведение  |e лабораторный практикум  |f Томский политехнический университет; сост. Л. А. Строкова 
210 |a Томск  |c Изд-во ТПУ  |d 2002 
215 |a 74 с.  |c ил. 
320 |a Библиогр.: с. 73 
451 1 |0 (RuTPU)RU\TPU\book\22684  |t Грунтоведение  |o практикум  |f Л. А. Строкова  |g Томский политехнический университет  |c Томск  |n Изд-во ТПУ  |d 2000  |p 76 с.  |a Строкова, Людмила Александровна 
610 1 |a грунтоведение 
610 1 |a грунты 
610 1 |a состав 
610 1 |a классификация 
610 1 |a физические свойства 
610 1 |a пластичность 
610 1 |a водные свойства 
610 1 |a сжимаемость 
610 1 |a лессовые породы 
610 1 |a компьютеры 
610 1 |a лабораторные работы 
610 1 |a практические пособия 
610 1 |a учебные пособия 
610 1 |a труды учёных ТПУ 
675 |a 624.131(076.5)  |v 3 
702 1 |a Строкова  |b Л. А.  |c геолог  |c профессор Томского политехнического университета, доктор геолого-минералогических наук  |f 1963-  |g Людмила Александровна  |3 (RuTPU)RU\TPU\pers\25433  |4 220  |9 11375 
712 0 2 |a Томский политехнический университет  |3 (RuTPU)RU\TPU\col\376 
801 1 |a RU  |b 63413507  |c 20040212  |g PSBO 
801 2 |a RU  |b 63413507  |c 20201028  |g PSBO 
942 |c BK